L'autorité judiciaire gardienne des libertés essentielles et de la propriéte privée
Guardat en:
| Autor principal: | |
|---|---|
| Format: | Llibre |
| Idioma: | francès |
| Publicat: |
París
Librairie Générale de Droit et de Jurisprudence
1964
|
| Col·lecció: | Bibliothèque de Droit Public, 58
|
| Matèries: | |
| Etiquetes: |
Afegir etiqueta
Sense etiquetes, Sigues el primer a etiquetar aquest registre!
|
MARC
| LEADER | 00000nam a2200000 a 4500 | ||
|---|---|---|---|
| 001 | UCS0505 | ||
| 003 | CL-VaPUC | ||
| 008 | 970426e19640000FR |||||||||||||||||fre|d | ||
| 082 | 0 | 4 | |a 347.12 |b BRE |2 21 |
| 100 | 0 | |a Bretton, Philippe |e author |9 384108 | |
| 245 | 1 | 2 | |a L'autorité judiciaire gardienne des libertés essentielles et de la propriéte privée |
| 300 | |a 293 p | ||
| 942 | |c BK | ||
| 945 | |d 19970426 00:00:00 |a paguirre | ||
| 260 | |a París |b Librairie Générale de Droit et de Jurisprudence |c 1964 | ||
| 650 | 0 | |a Poder judicial |9 254871 | |
| 650 | 0 | |a Libertad individual |9 352859 | |
| 650 | 0 | |a Propiedad privada |9 257919 | |
| 650 | 0 | |a Administración de justicia |9 382749 | |
| 650 | 7 | |a DERECHO A LA JUSTICIA |2 CL-VaPUC |9 368021 | |
| 650 | 7 | |a FUNCIONARIOS JUDICIALES |2 CL-VaPUC |9 382750 | |
| 583 | |a last modification |c 19970426 00:00:00 |k Rodrigo Vera | ||
| 490 | 0 | |a Bibliothèque de Droit Public, 58 | |
| 999 | |c 258731 |d 258729 | ||
| 952 | |0 0 |1 0 |4 0 |6 347_120000000000000_BRE_1964 |7 0 |8 A |9 283009 |a BIBDER |b BIBDER |d 2019-11-19 |i 1836269 |o 347.12 BRE 1964 |p 1836269 |r 2023-01-25 |w 2019-11-19 |y BK |k DER | ||